Statistics for 8 planets in 15 seconds!

Click here to take the quiz!

General Stats

  • This quiz has been taken 2,548 times
    (2,399 since last reset)
  • The average score is 6 of 8

Answer Stats

Answer% Correct
Earth
92%
Mars
88%
Venus
86%
Mercury
84%
Jupiter
79%
Saturn
72%
Uranus
65%
Neptune
64%

Score Distribution

Percentile by Number Answered

Percent of People with Each Score

Your Score History

You have not taken this quiz since the last reset